Štátno-monopolistické regulovanie ekonomiky a jeho odraz v buržoáznej ekonómii Osvedčil sa francúzsky model plánovania?

Guardado en:
Detalles Bibliográficos
Autor principal: Komínková, Zora
Formato: Libro
Lenguaje:eslovaco
Publicado: Bratislava Veda 1986
Edición:1. vyd.
Etiquetas: Agregar Etiqueta
Sin Etiquetas, Sea el primero en etiquetar este registro!

MARC

LEADER 00000nam a2200000 4500
001 c022461
005 20221219100931.9
041 0 |a slo 
044 |a SK 
245 1 0 |a Štátno-monopolistické regulovanie ekonomiky a jeho odraz v buržoáznej ekonómii  |b Osvedčil sa francúzsky model plánovania?  |c Zora Komínková 
250 |a 1. vyd. 
264 1 |a Bratislava  |b Veda  |c 1986 
300 |a 230 s. 
100 1 |a Komínková, Zora